[Event "4NCL Div 1 2018-19"]
[Site "Daventry"]
[Date "2018.11.10"]
[Round "1"]
[White "Arkell, Keith C"]
[Black "Milliet, Sophie"]
[Result "1/2-1/2"]
[WhiteElo "2443"]
[BlackElo "2371"]
[Annotator "TA RC"]
[PlyCount "162"]
[EventDate "2018.11.10"]
[EventType "team-tourn"]
[EventCountry "GBR"]
[SourceTitle "playchess.com"]
[Source "ChessBase"]
[SourceQuality "1"]

{[%evp 26,162,36,43,68,57,58,58,75,73,90,82,108,104,164,160,135,-141,-141,-143,-145,-145,-145,-145,-152,-150,-145,-152,-110,-220,-229,-225,-198,-216,-200,-220,-223,-214,-223,-325,-220,-220,-214,-214,-195,-398,-381,-283,-154,-404,-400,-407,-388,-430,-227,-437,-452,-452,-444,-447,-141,-141,-141,-141,-143,-419,-406,-393,-401,-359,-295,-223,-94,-94,-94,-94,-94,-141,-135,-143,-6,-6,-6,-6,-6,-29,-29,-31,-6,-6,-6,-6,-6,-6,-6,-6,-6,-6,-6,-6,-6,-6,-6,-13,0,-6,-6,-6,0,-8,0,-13,-13,-13,0,-13,-13,-13,-13,-20,-20,-27,-34,-36,-35,-35,-35,-36,0,-36,-36,-36,-41,-211,-46,-66,-54,-65,0]} 1. d4 Nf6 2. Nf3 g6 3. c4 Bg7 4. g3 O-O 5. Bg2 d6 6. Nc3 Nbd7 7. O-O e5 8. e4 c6 9. h3 Qb6 10. Re1 exd4 11. Nxd4 Re8 12. Nc2 Qa5 {E69: King's Indian: Fianchetto: 6...Nbd7 7 0-0 e5 8 e4 c6 9 h3} (12... Ne5 13. b3 Be6 14. Ne3 Nfd7 15. Bb2 Nc5 16. Bf1 Bxh3 17. Bxh3 Ned3 18. Qc2 Nxb2 19. Bf1 Re6 20. Rab1 {0-1 (66) Van Wely,L (2642)-Adhiban,B (2668) Batumi 2018}) 13. Bd2 Qc7 14. Be3 {LiveBook: 10 Games} b6 {White is slightly better.} 15. Rc1 Bb7 16. Qd2 Rad8 17. Rcd1 $146 ({Predecessor:} 17. b3 Nc5 18. Bd4 a6 19. Kh2 h5 20. f4 Ncd7 21. Bf2 {0-1 (34) Vila Dupla,A (2290)-Comas Fabrego,L (2490) Cordoba 1995}) 17... Ne5 18. b3 Qc8 19. Bh6 d5 (19... Ned7 $16) 20. Bxg7 $1 $18 (20. cxd5 Bxh6 21. Qxh6 cxd5 $17) 20... Kxg7 21. f4 $2 {[%mdl 8192] [#]} (21. exd5 $16 {keeps the pressure on. Strongly threatening Qd4.} cxd5 22. cxd5 (22. Nxd5 b5 $16)) 21... Nf3+ $1 $17 {[%mdl 512]} 22. Bxf3 {Threatens to win with e5.} dxe4 23. Bg4 Rxd2 24. Bxc8 Rxc2 25. Bxb7 Rxc3 26. Bxc6 Re7 27. Kf2 (27. g4 $17 {keeps fighting.}) 27... Rf3+ $19 28. Kg2 Nh5 29. Rxe4 Rxg3+ 30. Kf2 Rxe4 $1 31. Bxe4 Rxh3 {[%mdl 4096] Endgame KRB-KRN} 32. Bf3 (32. Rd7 $142 Nf6 33. Bg2 Nxd7 34. Bxh3) 32... Rh2+ 33. Ke3 Rxa2 34. Bxh5 gxh5 {KR-KR} 35. b4 $2 (35. Ke4 {was worth a try.}) 35... Rb2 36. b5 Ra2 (36... h4 $19 37. Ra1 Kg6 38. Rxa7 h3) 37. Rd5 $2 (37. Rh1 $17) 37... h4 38. Rh5 {[#]} h3 $1 39. Ke4 (39. Rxh3 Ra3+) 39... h2 (39... Rc2 $142 40. Kd3 Rh2) 40. Rh3 $2 (40. f5) 40... Kg6 41. Rh4 h5 42. Rh3 f6 $2 (42... f5+ $19 {has better winning chances.} 43. Kd5 Re2) 43. Rg3+ $17 Kh6 44. Rh3 Rc2 45. Kd3 $2 {[%mdl 8192]} (45. Kf5 $17) 45... Rg2 $1 $19 {[%cal Rg2g3] And now ...Rg3+! would win.} 46. Ke4 {[#]} Kg6 $1 47. Rh4 Re2+ 48. Kd3 Re7 (48... Ra2 $19 {is more deadly. ...Kf5 is the strong threat.} 49. Ke4 Rb2) 49. Rxh2 $17 Rh7 {aiming for ...h4.} 50. Rh4 Kf5 51. Ke3 Ke6 52. Ke4 f5+ (52... Rh8 $17 53. Kd3 Kf5) 53. Kd4 Kd6 54. Kc3 Rh8 55. Kd4 Rh6 56. Kc3 Rh7 57. Kd4 Ke6 58. Ke3 Kf6 59. Kd4 Rd7+ 60. Ke3 Kg6 61. Rh1 Re7+ 62. Kd3 $1 Re4 63. Rh4 Re1 {With the idea ...Rg1.} 64. Rh2 Re4 65. Rh4 Kf6 66. Kc3 Kg6 67. Kd3 Re1 {Threatening ...Rg1.} 68. Rh2 Rd1+ 69. Ke3 Rd7 70. Rg2+ Kf6 71. Rh2 Rh7 72. Rh4 Kg6 73. Kd4 Re7 74. Kd3 Re4 75. Kc3 Kh6 76. Kd3 Kg6 77. Kc3 Re3+ 78. Kd4 Re1 79. Kd3 $2 {[#]} (79. Kd5 $15) 79... Rf1 $2 ({Black should try} 79... Rg1 $1 $19 {White must now prevent ...Rg4.} 80. Rh2 Rg4) 80. Ke3 Rc1 81. Kd4 $1 Re1 {[%mdl 32768] Precision: White = 47%, Black = 46%. . Loss on Time!?} ({Black should play} 81... Rd1+ $15 82. Ke5 Re1+ 83. Kd6 Re4) 1/2-1/2

[Event "4NCL Div 1 2018-19"]
[Site "Daventry"]
[Date "2018.11.10"]
[Round "1"]
[White "Haria, Ravi"]
[Black "Manley, Jon P"]
[Result "0-1"]
[WhiteElo "2436"]
[BlackElo "2149"]
[Annotator "TA"]
[PlyCount "72"]
[EventDate "2018.11.10"]
[EventType "team-tourn"]
[EventCountry "GBR"]
[SourceTitle "playchess.com"]
[Source "ChessBase"]
[SourceQuality "1"]

{[%evp 19,72,24,22,0,10,16,18,13,28,12,30,17,38,24,31,37,43,22,20,15,20,0,0,0,66,14,60,0,0,-167,-163,-189,-181,-230,-225,-242,-236,-274,-268,-481,-475,-471,-448,-691,-672,-1333,-1236,-3124,-2898,-2721,-2785,-2040,-1451,-1373,-1307]} 1. Nf3 {Horn,Pe} d5 2. g3 Nf6 3. Bg2 c6 4. c4 g6 5. b3 Bg7 6. Bb2 O-O 7. O-O Bg4 8. d3 Nbd7 9. Nbd2 Re8 10. Qc2 {A11: English Opening: 1...c6} (10. h3 Bxf3 11. Bxf3 e5 12. cxd5 cxd5 13. Bg2 a5 14. Rc1 Nb8 15. Nb1 Bh6 16. Rc5 Qb6 17. Rxd5 Nxd5 18. Bxd5 Nd7 19. Nc3 {½-½ (41) Shimanov,A (2646)-Zherebukh,Y (2621) Saint Louis 2017}) 10... e5 {LiveBook: 15 Games} 11. cxd5 cxd5 12. Rac1 {The position is equal.} Qb6 $146 ({Predecessor:} 12... Rc8 13. Qxc8 Qxc8 14. Rxc8 Rxc8 15. Rc1 Rxc1+ 16. Bxc1 e4 17. dxe4 dxe4 18. Ng5 Bxe2 {½-½ (20) Panchenko,A (2375)-Frolov,A (2485) Simferopol 1990 CBM 021 [Horn,Pe]}) 13. e3 a5 14. h3 Bxf3 $1 15. Nxf3 a4 16. bxa4 Qa6 17. a3 Bf8 18. d4 {[%cal Rf3e5]} e4 19. Ne5 Bd6 {[%cal Rd7e5]} 20. f4 Qxa4 21. Qf2 Ra6 ({Black should play} 21... Rec8 $11) 22. g4 (22. h4 $14) 22... Rb6 23. Rc2 (23. g5 $14) 23... Rb3 $11 24. f5 $2 {[#]} (24. Rfc1 $11) 24... g5 $19 25. Nxd7 Qxd7 26. Rfc1 Kg7 27. Bf1 Rh8 ({Not} 27... Bxa3 28. Bxa3 Rxa3 29. Rc7 $15) 28. Rc3 Rxc3 29. Rxc3 $2 {[#]} (29. Bxc3 {was the only defense.} h5 30. gxh5) 29... h5 {Black is clearly winning.} 30. gxh5 Rxh5 31. Rc5 (31. a4 $142 g4 32. Ba3) 31... g4 32. Qg2 Rxh3 33. Rxd5 Rh2 34. Qg3 Bxg3 35. Rxd7 Nxd7 36. Bg2 Kf6 {Precision: White = 23%, Black = 70%.} 0-1

[Event "4NCL Div 1 2018-19"]
[Site "Daventry"]
[Date "2018.11.10"]
[Round "1"]
[White "Cioara, Andrei-Nestor"]
[Black "Holland, James P"]
[Result "1/2-1/2"]
[WhiteElo "2427"]
[BlackElo "2260"]
[Annotator "TA"]
[PlyCount "138"]
[EventDate "2018.11.10"]
[EventType "team-tourn"]
[EventCountry "GBR"]
[SourceTitle "playchess.com"]
[Source "ChessBase"]
[SourceQuality "1"]

{[%evp 10,138,11,21,35,9,18,7,27,23,16,4,15,8,41,-12,-29,-32,-45,-25,-20,-14,-15,-32,-20,-106,11,-78,-25,-22,-4,-4,-20,-44,-8,-14,-1,-27,0,0,0,0,3,4,9,3,3,3,8,0,0,0,0,0,0,0,0,0,0,0,0,0,0,-7,0,0,0,0,0,0,0,0,61,0,0,0,0,0,0,0,0,0,3,3,3,0,0,0,0,0,5,7,7,0,0,0,0,0,0,0,0,0,0,0,0,0,0,0,0,0,0,0,0,0,0,0,0,0,0,0,0,0,0,0,0,0,0,0,0,0,0]} 1. d4 Nf6 2. c4 g6 3. g3 c6 4. Bg2 d5 5. Nd2 Bg7 6. Ngf3 {LiveBook: 208 Games} Ne4 {D73: Fianchetto Grünfeld: 5 Nf3} (6... a5 7. b3 a4 8. Ba3 axb3 9. axb3 O-O 10. O-O Re8 11. e3 Bf5 12. Qe2 Na6 13. Ne5 Ne4 14. cxd5 cxd5 15. Nxe4 Bxe4 16. Bxe4 dxe4 {½-½ (58) Mamedyarov,S (2801)-Carlsen,M (2842) Saint Louis 2018}) 7. e3 (7. b3 {is interesting.} O-O 8. Bb2 Bf5 9. O-O Nd7 10. Nh4) 7... Nxd2 8. Nxd2 dxc4 $146 ({Predecessor:} 8... Na6 9. O-O O-O 10. a3 Nc7 11. b4 Bf5 12. Qb3 Qd7 13. Rd1 Rfd8 14. Bb2 {1-0 (43) Muhamedzjanov,N-Lepeshkin,V Sochi (Russia) 1968}) 9. Nxc4 Be6 10. b3 Bd5 11. O-O c5 12. Ba3 (12. Nd6+ $14 Qxd6 13. dxc5) 12... Bxg2 $11 13. Kxg2 Qd5+ 14. Qf3 Qxf3+ 15. Kxf3 cxd4 16. exd4 Nc6 17. d5 (17. Rfe1 $11) 17... Nd4+ (17... Bxa1 $17 18. dxc6 b5 19. Rxa1 bxc4) 18. Ke4 (18. Kg2 $11 {remains equal.}) 18... Nc2 (18... f5+ $17 19. Kd3 O-O-O) 19. Rad1 Nxa3 20. Nxa3 Rc8 21. Nc4 O-O 22. a4 Rfd8 23. Rd3 Rd7 24. f4 Rc5 25. Rfd1 Bf8 26. g4 Rdc7 27. Ra1 Bg7 28. Ra2 Kf8 29. Rad2 Rd7 30. h3 Ke8 31. g5 b5 32. axb5 Rxb5 33. Ra2 f5+ 34. gxf6 Bxf6 35. Ne5 Rdb7 36. Ra3 Rb4+ 37. Kf3 g5 38. Nc4 $1 gxf4 39. Kxf4 a5 {[#] Threatens to win with ...a4!} 40. Kf5 a4 ({Better is} 40... Kf7 $11) 41. Rxa4 (41. Ke6 $1 $14) 41... Rxa4 {The position is equal.} 42. bxa4 $14 {[%mdl 4096] Endgame KRB-KRN} Rb4 43. Nd6+ exd6 44. Kxf6 {[#] aiming for Ra3.} Rxa4 $11 {KR-KR} 45. Ke6 Rh4 46. Kxd6 {And now Ra3 would win.} Kd8 $1 47. Rg3 {[%cal Rg3g8]} (47. Ke6 {with more complications.} Rh6+ 48. Kf5 Rh5+ 49. Kf6 Kd7 50. Rf3) 47... Rh6+ 48. Kc5 Kd7 49. Ra3 Rh4 50. Ra7+ Ke8 $1 51. Kc6 {Strongly threatening Ra8+.} Rxh3 52. Ra8+ Kf7 53. d6 Rc3+ 54. Kd7 Rd3 55. Ra5 Kf6 56. Rh5 Kg6 57. Re5 Kf6 58. Rc5 (58. Re6+ {looks sharper.} Kf7 59. Re7+ Kg6 60. Kc7 h5 61. Re5) 58... Kf7 59. Kc7 Ke6 60. Rc1 h5 61. Re1+ Kf5 62. d7 h4 63. d8=Q (63. Rf1+ {seems wilder.} Kg4 64. Rg1+ Kf3 65. Rh1 Kg4 66. Rg1+) 63... Rxd8 64. Kxd8 {KR-KP} Kf4 65. Ke7 h3 66. Kf6 h2 67. Rh1 Kg3 68. Kg5 Kg2 69. Rxh2+ $1 Kxh2 {Precision: White = 50%, Black = 67%.} 1/2-1/2

[Event "4NCL Div 1 2018-19"]
[Site "Daventry"]
[Date "2018.11.10"]
[Round "1"]
[White "Collins, Sam E."]
[Black "Cooper, John G"]
[Result "1-0"]
[WhiteElo "2417"]
[BlackElo "2290"]
[Annotator "TA"]
[PlyCount "65"]
[EventDate "2018.11.10"]
[EventType "team-tourn"]
[EventCountry "GBR"]
[SourceTitle "playchess.com"]
[Source "ChessBase"]
[SourceQuality "1"]

{[%evp 26,65,35,39,61,24,59,64,75,62,77,73,77,62,45,42,39,0,45,49,47,29,63,71,63,70,164,79,83,83,98,85,87,103,245,205,216,125,245,193,658,692]} 1. e4 d6 2. d4 g6 3. Nf3 Nf6 4. Nc3 Bg7 5. Be2 O-O 6. O-O c6 7. a4 Qc7 8. a5 Nbd7 9. h3 e5 10. dxe5 dxe5 11. Be3 Rd8 12. Qb1 Nf8 13. Rd1 {B08: Pirc Defence: Classical System} Rxd1+ 14. Qxd1 {LiveBook: 6 Games} Be6 (14... Ne6 15. Bc4 Bf8 16. Qd3 Bb4 17. Na4 Bf8 18. Bxe6 Bxe6 19. Nc5 Re8 20. Nxe6 Rxe6 21. Bxa7 {1-0 (49) Draskovic,L (2449)-Okas,W (2258) Batumi 2018}) 15. Qc1 $146 {White is slightly better.} ({Predecessor:} 15. Qf1 h6 16. Bc4 Nh5 17. Bxe6 Nxe6 18. Qc4 Qd8 19. a6 Qc7 20. axb7 Qxb7 {0-1 (31) Esquivia Cuadrado,F (2001)-Barros,R (2203) Yopal 2012}) 15... Nh5 16. Bf1 Bd7 17. Na4 Ne6 18. Nc5 Nd4 19. Bxd4 exd4 20. Nxd7 (20. Qd2 {seems wilder.} Rd8 21. Bc4 Bc8 22. Nd3 Bf6 23. e5) 20... Qxd7 21. Bc4 Qe7 22. Qd2 Be5 23. Re1 Kg7 24. g3 ({Wrong is} 24. Nxd4 $2 Rd8 $19) 24... Rd8 25. Kg2 Bc7 (25... Qd6 $14) 26. Ba2 ({Don't play} 26. Ng5 $6 Qc5 $11) (26. e5 $18) 26... Qc5 {[#]} 27. b4 $1 {[%cal Rb4c5]} Qc3 28. Qxc3 dxc3 29. e5 {[%cal Be4e5,Be5e6][%mdl 32]} c5 (29... Re8 $16 {is a better defense.}) 30. a6 {Black must now prevent e6.} b6 31. b5 ({White should play} 31. Re4 $18) 31... Kf8 (31... h6 $16 {was worth a try.}) 32. Ng5 Rd2 $2 {[#]} (32... Ke7 33. Nxh7 (33. Bxf7 h6 $16) 33... Ng7) 33. e6 {Precision: White = 67%, Black = 17%.} 1-0

[Event "4NCL Div 1 2018-19"]
[Site "Daventry"]
[Date "2018.11.10"]
[Round "1"]
[White "Palliser, Richard J D"]
[Black "Oyama, Akito"]
[Result "1/2-1/2"]
[WhiteElo "2414"]
[BlackElo "2201"]
[Annotator "TA"]
[PlyCount "75"]
[EventDate "2018.11.10"]
[EventType "team-tourn"]
[EventCountry "GBR"]
[SourceTitle "playchess.com"]
[Source "ChessBase"]
[SourceQuality "1"]

{[%evp 16,75,58,61,85,79,102,90,89,84,100,57,86,57,48,34,41,35,55,55,69,42,142,124,120,124,131,133,172,171,164,160,179,178,174,174,183,117,154,153,172,124,132,127,125,101,107,107,107,107,100,92,106,7,79,66,91,102,71,125,102,0]} 1. d4 e6 2. c4 f5 3. g3 Nf6 4. Bg2 Bb4+ 5. Nd2 O-O 6. Ngf3 d6 7. O-O Bxd2 8. Qxd2 Qe7 9. b4 {LiveBook: 3 Partien. A90: Holländische Verteidigung (Klassisches System, Stonewall und Varianten mit Lb4)} Bd7 $146 ({Vorgänger:} 9... a5 10. b5 b6 11. Ba3 Bb7 12. Rfc1 Nbd7 13. Qb2 Rab8 14. Ne5 Bxg2 15. Kxg2 Nxe5 16. dxe5 Ne4 {1-0 (49) Stern,R (2542)-Horvath,J (2501) Germany 2015}) 10. Bb2 Ne4 11. Qc2 Nc6 {[%cal Bb8c6,Bc6d8,Bd8f7,Bf7d6,Bd6c4][%mdl 32]} 12. a3 d5 13. Rad1 Be8 14. Ne1 Nd8 15. cxd5 exd5 16. Nd3 Bb5 17. Rfe1 Nf7 18. a4 Be8 (18... Bc4 $14) 19. Qb3 $36 {[%mdl 2048] Schwarz muss aufpassen.} c6 20. b5 {[%cal Bb4b5,Bb5c6][%mdl 32]} Nfd6 21. bxc6 Nc4 22. cxb7 ({Auf keinen Fall} 22. Qxb7 Qxb7 23. cxb7 Rb8 $16) 22... Rb8 23. Nc5 $1 Bc6 24. Ba3 Nxa3 25. Qxa3 Rxb7 26. Qe3 (26. Rc1 $18) 26... Rc7 27. Rc1 Qd6 28. Qf4 Qxf4 29. gxf4 {Droht Lxe4 und aus.} Rfc8 30. Nxe4 dxe4 31. Rc5 {Schwarz muss nun Tec1 beachten.} Bd7 32. Ra5 Rc4 33. Rxa7 Bxa4 34. d5 (34. Ra5 $1 $16) 34... Rd8 (34... Rc1 $11 {hält das Gleichgewicht.} 35. Rf1 Bb5) 35. e3 {Lf1 ist eine echte Drohung.} Rxd5 36. Bf1 $1 {[%cal Rf1c4] Weiß steht besser.} Rb4 {[#]} 37. Rc1 $1 {[%cal Rc1c8] Weiss will mit Tc8+ Matt setzen.} Rd7 {[#]} 38. Rxa4 {Precision: Weiß = 61%, Schwarz = 47%.} (38. Ra8+ $1 $16 Kf7 39. Rc5 (39. Rc4 Rb1 $11)) 1/2-1/2

[Event "4NCL Div 1 2018-19"]
[Site "Daventry"]
[Date "2018.11.10"]
[Round "1"]
[White "Eggleston, David J"]
[Black "Golding, Alex"]
[Result "1-0"]
[WhiteElo "2408"]
[BlackElo "2263"]
[Annotator "NA"]
[PlyCount "124"]
[EventDate "2018.11.10"]
[EventType "team-tourn"]
[EventCountry "GBR"]
[SourceTitle "playchess.com"]
[Source "ChessBase"]
[SourceQuality "1"]
[TimeControl "40/6000+30:3000+30"]

1. e4 {[%emt 0:00:00]} e5 {[%emt 0:00:00]} 2. Nf3 {[%emt 0:00:00]} Nc6 {[%emt 0:00:00]} 3. Bc4 {[%emt 0:00:00]} Bc5 {[%emt 0:01:40]} 4. c3 {[%emt 0:00:00]} Nf6 {[%emt 0:00:04]} 5. d3 {[%emt 0:00:03]} O-O {[%emt 0:02:20]} 6. b4 {[%emt 0:00:54]} Bb6 {[%emt 0:05:34]} 7. a4 {[%emt 0:01:00]} a6 {[%emt 0:00:16]} 8. O-O {[%emt 0:00:44]} h6 {[%emt 0:01:09]} 9. h3 {[%emt 0:03:18]} d6 {[%emt 0:01:01]} 10. Nbd2 {[%emt 0:00:28] C54: Giuoco Piano: 4 c3 Nf6, main lines with 5 d4 and 5 d3} Ne7 {[%emt 0:00:50]} 11. a5 {[%emt 0:01:09]} Ba7 {[%emt 0:00:07]} 12. Re1 {[%emt 0:00:14]} Ng6 {[%emt 0:02:02]} 13. Nf1 {[%emt 0:01:34]} Re8 {[%emt 0:01:15]} 14. Ng3 {[%emt 0:01:43]} c6 {[%emt 0:03:10] [#]} 15. Bb3 $146 {[%emt 0:03:31]} ({Predecessor:} 15. d4 Be6 {½-½ (15) Becerra Rivero,J (2545)-Arencibia Rodriguez,W (2555) Mondariz 1996}) 15... d5 {[%emt 0:04:39]} 16. Bb2 {[%emt 0:14:11]} Qc7 {[%emt 0:04:03]} 17. c4 {[%emt 0:04:33]} dxe4 {[%emt 0:06:34]} 18. dxe4 {[%emt 0:00:10]} c5 {[%emt 0:01:56]} 19. b5 {[%emt 0:02:07]} b6 {[%emt 0:03:21]} 20. axb6 {[%emt 0:11:48]} Bxb6 {[%emt 0:00:40]} 21. Nf5 {[%emt 0:08:31]} Bb7 {[%emt 0:09:10]} 22. Qc2 {[%emt 0:07:51]} axb5 $14 {[%emt 0:02:34]} 23. Rxa8 {[%emt 0:01:33]} Bxa8 {[%emt 0:00:50]} 24. cxb5 {[%emt 0:00:19]} c4 {[%emt 0:09:54]} 25. Qxc4 {[%emt 0:08:56]} Qxc4 {[%emt 0:02:01]} 26. Bxc4 {[%emt 0:00:08]} Nxe4 {[%emt 0:02:01]} 27. Rxe4 {[%emt 0:00:27]} Bxe4 {[%emt 0:00:07]} 28. Nd6 {[%emt 0:00:09]} Bxf3 {[%emt 0:02:44]} 29. Bxf7+ {[%emt 0:01:56]} Kf8 {[%emt 0:00:42]} 30. Bxe8 {[%emt 0:00:23]} Nf4 {[%emt 0:10:02]} 31. gxf3 {[%emt 0:01:19]} Nxh3+ {[%emt 0:00:19]} 32. Kf1 {[%emt 0:01:14]} Nxf2 {[%emt 0:01:29]} 33. Bg6 {[%emt 0:01:39]} Nd1 {[%emt 0:00:54]} 34. Bxe5 {[%emt 0:00:16]} Ne3+ {[%emt 0:00:32]} 35. Ke2 {[%emt 0:00:06]} Nd5 {[%emt 0:00:12]} 36. Nf5 {[%emt 0:02:57]} Nc7 {[%emt 0:02:42]} 37. Bxg7+ {[%emt 0:00:06]} Kg8 {[%emt 0:00:06]} 38. Bd4 {[%emt 0:00:13]} Ba5 {[%emt 0:00:32]} 39. Nxh6+ {[%emt 0:01:00]} Kf8 {[%emt 0:00:08]} 40. b6 {[%emt 0:01:06]} Ne6 {[%emt 0:00:05]} 41. Be3 {[%emt 0:53:51]} Bxb6 {[%emt 0:50:05]} 42. Bxb6 {[%emt 0:00:10]} Nf4+ {[%emt 0:00:05]} 43. Kf2 {[%emt 0:00:50]} Nxg6 {[%emt 0:00:06]} 44. Kg3 {[%emt 0:00:16]} Kg7 {[%emt 0:00:09]} 45. Ng4 {[%emt 0:00:09]} Ne7 {[%emt 0:00:21]} 46. Ne3 {[%emt 0:00:26]} Kf7 {[%emt 0:00:16]} 47. Bc5 {[%emt 0:00:10]} Nc6 {[%emt 0:00:59]} 48. Kf4 {[%emt 0:00:31]} Ke6 {[%emt 0:00:08]} 49. Ke4 {[%emt 0:00:08]} Ne5 {[%emt 0:00:19]} 50. f4 {[%emt 0:00:12]} Nd7 {[%emt 0:00:07]} 51. Bd4 {[%emt 0:00:09]} Ke7 {[%emt 0:00:26]} 52. Ng4 {[%emt 0:00:23]} Ke6 {[%emt 0:00:22]} 53. f5+ {[%emt 0:00:08]} Kd6 {[%emt 0:00:14]} 54. Be5+ {[%emt 0:00:23]} Ke7 {[%emt 0:00:11]} 55. Kf4 {[%emt 0:00:55]} Nc5 {[%emt 0:00:21]} 56. Nf2 {[%emt 0:00:24]} Kf7 {[%emt 0:00:09]} 57. Bd4 {[%emt 0:00:19]} Nd7 {[%emt 0:01:12]} 58. Ng4 {[%emt 0:00:12]} Ke7 {[%emt 0:00:12]} 59. Kg5 {[%emt 0:00:05]} Kd6 {[%emt 0:00:33]} 60. Kg6 {[%emt 0:00:53]} Ke7 {[%emt 0:00:29]} 61. Kg7 {[%emt 0:00:21]} Kd6 {[%emt 0:00:15]} 62. Ne5 {[%emt 0:00:38]} Nb8 {[%emt 0:06:29]} 1-0

[Event "4NCL Div 1 2018-19"]
[Site "Daventry"]
[Date "2018.11.10"]
[Round "1"]
[White "Szczepkowska, Karina"]
[Black "Hunt, Adam C"]
[Result "1-0"]
[WhiteElo "2404"]
[BlackElo "2401"]
[Annotator "ChessBase"]
[PlyCount "121"]
[EventDate "2018.11.10"]
[EventType "team-tourn"]
[EventCountry "GBR"]
[SourceTitle "playchess.com"]
[Source "ChessBase"]
[SourceQuality "1"]
[TimeControl "40/6000+30:3000+30"]

1. d4 {[%emt 0:00:00]} Nf6 {[%emt 0:00:00]} 2. c4 {[%emt 0:01:08]} g6 {[%emt 0:00:00]} 3. Nc3 {[%emt 0:00:51]} Bg7 {[%emt 0:00:04]} 4. e4 {[%emt 0:02:22]} d6 {[%emt 0:00:32]} 5. Bd3 {[%emt 0:03:38]} O-O {[%emt 0:04:18]} 6. Nge2 {[%emt 0:00:30]} e5 {[%emt 0:05:16]} 7. d5 {[%emt 0:00:22]} a5 {[%emt 0:00:29]} 8. h3 {[%emt 0:00:42]} Na6 {[%emt 0:01:55]} 9. Be3 {[%emt 0:02:29]} Bd7 {[%emt 0:05:50]} 10. Ng3 {[%emt 0:14:09]} Ne8 {[%emt 0:03:21]} 11. O-O {[%emt 0:01:07]} c6 {[%emt 0:05:51]} 12. dxc6 {[%emt 0:10:36]} Bxc6 {[%emt 0:04:48]} 13. Rc1 {[%emt 0:06:12]} Nc5 {[%emt 0:12:15]} 14. Bc2 {[%emt 0:08:45]} Nc7 {[%emt 0:04:00]} 15. Qd2 {[%emt 0:08:15]} N7e6 {[%emt 0:04:25]} 16. Nd5 {[%emt 0:00:52]} b5 {[%emt 0:03:08]} 17. cxb5 {[%emt 0:04:31]} Bxb5 {[%emt 0:00:08]} 18. Rfd1 {[%emt 0:00:11]} Nd4 {[%emt 0:06:05]} 19. Bb1 {[%emt 0:01:51]} Rb8 {[%emt 0:03:19]} 20. Bg5 {[%emt 0:01:59]} f6 {[%emt 0:03:21]} 21. Be3 {[%emt 0:00:26]} Nce6 {[%emt 0:02:45]} 22. Nc3 {[%emt 0:04:31]} Ba6 {[%emt 0:03:15]} 23. Nge2 {[%emt 0:05:42]} f5 {[%emt 0:05:40]} 24. exf5 {[%emt 0:06:44]} gxf5 {[%emt 0:04:12]} 25. Bxd4 {[%emt 0:07:07]} exd4 {[%emt 0:00:30]} 26. Nd5 {[%emt 0:00:12]} Qh4 {[%emt 0:10:28]} 27. Nef4 {[%emt 0:05:58]} Nc5 {[%emt 0:05:37]} 28. g3 {[%emt 0:03:16]} Qd8 {[%emt 0:00:55]} 29. Re1 {[%emt 0:00:47]} Rb7 {[%emt 0:03:05]} 30. b3 {[%emt 0:01:43]} Rbf7 {[%emt 0:01:33]} 31. Qd1 {[%emt 0:02:27]} Bb7 {[%emt 0:01:36]} 32. Bd3 {[%emt 0:01:46]} Nxd3 {[%emt 0:01:29]} 33. Qxd3 {[%emt 0:00:37]} Be5 {[%emt 0:03:07]} 34. Ne6 {[%emt 0:02:08]} Qb8 {[%emt 0:00:24]} 35. Ndf4 {[%emt 0:02:18]} Rc8 {[%emt 0:00:50]} 36. Qd2 {[%emt 0:00:52]} Rc3 {[%emt 0:00:30]} 37. Nxd4 {[%emt 0:00:37]} Rxc1 {[%emt 0:01:09]} 38. Rxc1 {[%emt 0:00:02]} Qa7 {[%emt 0:00:19]} 39. Nc6 {[%emt 0:00:59]} Qa8 {[%emt 0:01:13]} 40. Qd5 {[%emt 0:00:36]} Bxf4 {[%emt 0:01:13]} 41. gxf4 {[%emt 0:50:06]} Qf8 {[%emt 0:01:51]} 42. Kh2 {[%emt 0:00:00]} Qh6 {[%emt 0:01:11]} 43. Rg1+ {[%emt 0:00:00]} Kf8 {[%emt 0:00:31]} 44. Rg5 {[%emt 0:00:00]} Qf6 {[%emt 0:01:08]} 45. Qc4 {[%emt 0:12:04]} Qb2 {[%emt 0:06:39]} 46. Qd4 {[%emt 0:00:00]} Qxd4 {[%emt 0:00:17]} 47. Nxd4 {[%emt 0:00:00]} Be4 {[%emt 0:00:09]} 48. f3 {[%emt 0:00:00]} Bd3 {[%emt 0:01:42]} 49. Rg2 {[%emt 0:00:00]} Ke8 {[%emt 0:03:52]} 50. Rg8+ {[%emt 0:00:00]} Ke7 {[%emt 0:01:11]} 51. Ra8 {[%emt 0:00:00]} Kf6 {[%emt 0:00:24]} 52. Rxa5 {[%emt 0:00:00]} Rc7 {[%emt 0:00:33]} 53. Rd5 {[%emt 0:00:00]} Ke7 {[%emt 0:00:24]} 54. a4 {[%emt 0:00:00]} Rc5 {[%emt 0:01:55]} 55. Nc6+ {[%emt 0:00:00]} Rxc6 {[%emt 0:00:22]} 56. Rxd3 {[%emt 0:00:00]} Rb6 {[%emt 0:00:36]} 57. Kg3 {[%emt 0:00:00]} Rb4 {[%emt 0:00:45]} 58. Kh4 {[%emt 0:00:00]} Rxf4+ {[%emt 0:01:59]} 59. Kg5 {[%emt 0:00:00]} Rb4 {[%emt 0:00:08]} 60. Kxf5 {[%emt 0:00:00]} Rh4 {[%emt 0:00:07]} 61. f4 {[%emt 0:00:00]} 1-0